| 000 | 02978njm a2200589 i 4500 | ||
|---|---|---|---|
| 001 | 196094 | ||
| 003 | ES-MaACL | ||
| 005 | 20250904042256.0 | ||
| 007 | sd*fsngnnmmned | ||
| 008 | 240209s2006 sp opn d / ita | ||
| 015 | _aSON07 | ||
| 017 |
_aM 48049-2006 _bOficina Depósito Legal Madrid |
||
| 020 | _a9788496832169 | ||
| 035 | _a(OCoLC)431112409 | ||
| 035 | _a(SpMaBN)a4579713 | ||
| 040 |
_aSpMaBN _bspa _cSpMaBN _erdc |
||
| 100 | 1 |
_aPonchielli, Amilcare, _d1834-1886 _9240588 _ecmt |
|
| 240 | 1 | 3 | _aLa Gioconda |
| 245 | 1 | 3 |
_aLa Gioconda / _cPonchielli ; libreto de Arrigo Boito _h[Grabación sonora] |
| 260 |
_aMadrid : _bPrisa Innova, _cD.L. 2007 |
||
| 264 | _a©2007 | ||
| 300 |
_a2 discos (CD Audio) + _e1 libro (92 páginas) |
||
| 336 |
_2rdacontent _amúsica (interpretada) |
||
| 337 |
_2rdamedia _aaudio |
||
| 338 |
_2rdacarrier _avolumen |
||
| 490 | 1 |
_aLos clásicos de la ópera, 400 años ; _v18 |
|
| 500 | _aRemasterizado | ||
| 511 | 1 | _aMaria Callas, Fedora Barbieri, Giulio Neri, Maria Amadini, Gianni Poggi, Paolo Silveri, Piero Poldi, Armando Benzi ; Orquesta y Coro de la RAI de Turín ; Antonino Votto, director musical. | |
| 518 | _aGrabado en estudio en 1952 | ||
| 520 | _aAmilcare Pnchielli llama nuestra atención por haber logrado situarse en el mundo complejo de la ópera italiana tardo-romántica. Su insistente dedicación a la ópera le permitió ir madurando sus habilidades hasta lograr un éxito definitivo con La Gioconda, a los 42 años de edad (1876). una ópera de grandes pasiones situada en la Venecia ducal, cuyo triunfo que se debe en parte a que Verdi parecía haberse retirado ya después de su Réquiem y el trono operístico italiano estaba casi vacante. | ||
| 650 | 7 |
_aÓperas- _9137584 _vLibretos |
|
| 655 | 7 |
_aLibretos _2 _9242219 |
|
| 700 | 1 |
_aBoito, Arrigo, _d1842-1918- _tLa Gioconda- _lEspañol-Italiano _9238182 _elbt |
|
| 700 | 1 |
_aCallas, Maria, _d1923-1977 _9240502 _eprf |
|
| 700 | 1 |
_aBarbieri, Fedora, _d1920-2003 _9238183 _eprf |
|
| 700 | 1 |
_aNeri, Giulio, _d1909-1958 _9238184 _eprf |
|
| 700 | 1 |
_aAmadini, Maria _9238185 _eprf |
|
| 700 | 1 |
_aPoggi, Gianni, _d1921-1989 _9238186 _eprf |
|
| 700 | 1 |
_aSilveri, Paolo, _d1913-2001 _9238187 _eprf |
|
| 700 | 1 |
_aPoldi, Piero _9238188 _eprf |
|
| 700 | 1 |
_aBenzi, Armando _9238189 _eprf |
|
| 700 | 1 |
_aVotto, Antonino, _d1896-1985 _9238190 _emsd |
|
| 710 | 2 |
_aRadiotelevisione italiana- _bOrchestra Sinfonica di Torino _9235567 |
|
| 710 | 2 |
_aRadiotelevisione italiana. _bCoro di Torino _9238180 |
|
| 852 |
_aES-MaACL _bR.155030 _cDEPOJ _jN-9813 _hDonación: Miren Fernández _xEncuadernación cartoné _pVolumen 18 _9205645 |
||
| 903 |
_aFernández, Miren _ednr |
||
| 942 |
_cMONOGRAFIA _n0 |
||
| 999 |
_c196094 _d196094 |
||